Návrh metodiky samohodnotenia spoločnosti HOLLEN. s.r.o. pomocou modelu výnimočnosti EFQM

Gespeichert in:
Bibliographische Detailangaben
1. Verfasser: Tekáč, František, 1985- (Verfasst von)
Weitere Verfasser: Hekelová, Edita, 1954- (Betreuung Doktorarbeit)
Format: Manuskript Buch
Sprache:Slowakisch
Veröffentlicht: Bratislava : STU v Bratislave SjF, 2012
Schlagworte:
Online-Zugang:VAIS
Tags: Tag hinzufügen
Keine Tags, Fügen Sie das erste Tag hinzu!

MARC

LEADER 00000ntm a22000003a 4500
001 stu264109
005 20150617230220.3
008 130313s2012----xo------------------slo-d
040 |a STU  |b slo 
041 0 |a slo 
044 |a xo 
100 1 |a Tekáč, František,  |d 1985-  |4 aut  |u J  |T SjF Strojnícka fakulta  |X 44914  |U J  |Y 20  |7 A000044914 
242 0 0 |a Suggested methodology of self-assessment of HOLLEN, s.r.o. by using the EFQM Excellence Model  |y eng 
245 1 |a Návrh metodiky samohodnotenia spoločnosti HOLLEN. s.r.o. pomocou modelu výnimočnosti EFQM 
260 |a Bratislava :  |b STU v Bratislave SjF,  |c 2012 
650 7 |a kvalita produkcie v strojárskych podnikoch  |2 stusub 
650 7 |a Quality of Production in Engineering Enterprises  |2 estusub 
650 7 |a design  |2 estusub 
650 7 |a proces  |2 stusub 
700 1 |a Hekelová, Edita,  |d 1954-  |4 ths  |u J0070  |U SjF Strojnícka fakulta  |T SjF Ústav výrobných systémov, enviromentálnej techniky a manažment kvality  |X 2429  |U J0070  |Y 804  |7 A000002429 
856 4 |a info a plný text  |u http://is.stuba.sk/zp/portal_zp.pl?podrobnosti=85290  |3 VAIS